00246nam a22000977a 450000500170000000800410001704000070005804100080006524500660007326000090013920230722111658.0230722b ||||| |||| 00| 0 eng d cAL aeng aStudy on physical and psychological problems of shift workers c2003